000 00753cam a2200229 a 4500
001 2977213
005 20180111071452.0
008 920508s1993 nyua b 001 0 eng
010 _a 92018737
020 _a039303416X
040 _aDLC
_cDLC
_dDLC
041 _aeng
080 _a575.001 STE
082 0 0 _a575.001 STE
_220
100 1 _a16
101 _aHIS
245 1 0 _aEight little piggies :
_cStephen Jay Gould.
504 _aIncludes bibliographical references (p. 457-465) and index.
906 _a7
_bcbc
_corignew
_d1
_eocip
_f19
_gy-gencatlg
942 _2ddc
_cBK
999 _c40116
_d40116